[Event "Lloyds Bank Masters 10th"]
[Site "London"]
[Date "1986.08.20"]
[Round "1"]
[White "Adams, Michael"]
[Black "Prasad, Devaki V"]
[Result "1-0"]
[WhiteElo "2260"]
[BlackElo "2410"]
[PlyCount "85"]
[EventDate "1986.08.20"]
[EventType "swiss"]
[EventRounds "9"]
[EventCountry "ENG"]
[SourceTitle "BritBase"]
[Source "John Saunders"]
[SourceDate "2020.09.07"]
[SourceVersion "1"]
[SourceVersionDate "2020.09.07"]
[SourceQuality "2"]

1. e4 c5 2. Nf3 e6 3. d4 cxd4 4. Nxd4 Nf6 5. Nc3 d6 6. g4 Nc6 7. g5 Nd7 8. Be3
Nb6 9. h4 d5 10. exd5 exd5 11. Qe2 Be7 12. O-O-O O-O 13. Bg2 Bb4 14. Ndb5 a6
15. Bxd5 Nxd5 16. Nxd5 Qa5 17. Nbc3 Bxc3 18. Nxc3 Be6 19. a3 Rac8 20. h5 Qf5
21. Rh4 b5 22. Ne4 Bc4 23. Qe1 Ba2 24. h6 Rfe8 25. Rf4 Qg6 26. Rd6 Re6 27. Rxe6
Bxe6 28. hxg7 Qxg7 29. Bd2 Qe5 30. Rh4 Bf5 31. Bc3 Qe6 32. Nf6+ Kf8 33. Nxh7+
Ke7 34. Qd2 a5 35. Rh1 Qa2 36. Qe3+ Be6 37. Qc5+ Kd7 38. Nf6+ Kc7 39. Ne8+ Rxe8
40. Bxa5+ Kb7 41. Qb6+ Ka8 42. Qxc6+ Ka7 43. Bb6+ 1-0

[Event "Lloyds Bank Masters 10th"]
[Site "London"]
[Date "1986.08.20"]
[Round "1"]
[White "Afek, Yochanan"]
[Black "Agdestein, Simen"]
[Result "0-1"]
[WhiteElo "2320"]
[BlackElo "2545"]
[PlyCount "58"]
[EventDate "1986.08.20"]
[EventType "swiss"]
[EventRounds "9"]
[EventCountry "ENG"]
[SourceTitle "BritBase"]
[Source "John Saunders"]
[SourceDate "2020.09.07"]
[SourceVersion "1"]
[SourceVersionDate "2020.09.07"]
[SourceQuality "2"]

1. e4 e6 2. d4 d5 3. Nd2 Nf6 4. e5 Nfd7 5. Bd3 c5 6. c3 Nc6 7. Ne2 cxd4 8. cxd4
f6 9. exf6 Nxf6 10. O-O Bd6 11. f4 O-O 12. Nf3 Qb6 13. Kh1 Bd7 14. a3 Rac8 15.
Ne5 Be8 16. g4 Kh8 17. Be3 Ne7 18. Rc1 Rxc1 19. Bxc1 Bb5 20. Bb1 Qa6 21. Rf2
Bxe5 22. fxe5 Bxe2 23. Qc2 Rc8 24. exf6 Rxc2 25. fxe7 Bf3+ 26. Rxf3 Rxc1+ 27.
Kg2 Qe2+ 28. Kg3 Rg1+ 29. Kf4 Qxh2+ 0-1

[Event "Lloyds Bank Masters 10th"]
[Site "London"]
[Date "1986.08.20"]
[Round "1"]
[White "Anand, Viswanathan"]
[Black "Mannion, Stephen R"]
[Result "1-0"]
[WhiteElo "2420"]
[BlackElo "2280"]
[PlyCount "111"]
[EventDate "1986.08.20"]
[EventType "swiss"]
[EventRounds "9"]
[EventCountry "ENG"]
[SourceTitle "BritBase"]
[Source "John Saunders"]
[SourceDate "2020.09.07"]
[SourceVersion "1"]
[SourceVersionDate "2020.09.07"]
[SourceQuality "2"]

1. e4 e5 2. Nf3 Nc6 3. Bb5 a6 4. Ba4 Nf6 5. O-O Be7 6. Re1 b5 7. Bb3 O-O 8. c3
d5 9. exd5 Nxd5 10. Nxe5 Nxe5 11. Rxe5 c6 12. Re1 Bd6 13. d4 Qh4 14. g3 Qh3 15.
Be3 Bg4 16. Qd3 Rae8 17. Nd2 Re6 18. Bxd5 cxd5 19. Qf1 Qh5 20. f3 Rf6 21. Qe2
Bxf3 22. Nxf3 Qxf3 23. Qxf3 Rxf3 24. Bd2 h5 25. Kg2 Rd3 26. Re2 f6 27. Rf1 Kf7
28. Rf5 Re8 29. Kf1 g6 30. Rxd5 Rf3+ 31. Ke1 Bxg3+ 32. hxg3 Rxe2+ 33. Kxe2 Rxg3
34. Kf2 Rh3 35. Kg2 Rd3 36. Be1 Rd1 37. Bf2 Rd2 38. Rd7+ Ke6 39. Rg7 g5 40. b3
h4 41. c4 Kf5 42. c5 g4 43. Kf1 h3 44. Re7 Rc2 45. d5 Kf4 46. d6 Kf3 47. Re3+
Kf4 48. Rd3 h2 49. Bg3+ Ke4 50. Bxh2 Kxd3 51. d7 Rxh2 52. d8=Q+ Ke3 53. Qe7+
Kf3 54. Qxf6+ Kg3 55. Qc3+ Kf4 56. c6 1-0

[Event "Lloyds Bank Masters 10th"]
[Site "London"]
[Date "1986.08.20"]
[Round "1"]
[White "Barua, Dibyendu"]
[Black "Landenbergue, Claude"]
[Result "0-1"]
[WhiteElo "2400"]
[BlackElo "2255"]
[PlyCount "68"]
[EventDate "1986.08.20"]
[EventType "swiss"]
[EventRounds "9"]
[EventCountry "ENG"]
[SourceTitle "BritBase"]
[Source "John Saunders"]
[SourceDate "2020.09.07"]
[SourceVersion "1"]
[SourceVersionDate "2020.09.07"]
[SourceQuality "2"]

1. e4 Nf6 2. e5 Nd5 3. d4 d6 4. Nf3 Bg4 5. Be2 c6 6. O-O Bxf3 7. Bxf3 dxe5 8.
dxe5 e6 9. Qe2 Nd7 10. c4 Ne7 11. Bg4 Qc7 12. f4 h5 13. Bh3 O-O-O 14. Nc3 g5
15. fxg5 Nxe5 16. Kh1 N7g6 17. Be3 Ng4 18. Bg1 Bc5 19. g3 Bxg1 20. Kxg1 N4e5
21. Rad1 Rxd1 22. Nxd1 h4 23. g4 Rd8 24. Bg2 Rd4 25. Ne3 Nf4 26. Qf2 h3 27. Bf3
Qe7 28. Qh4 Qc5 29. b4 Nxf3+ 30. Rxf3 Rd1+ 31. Kf2 Rd2+ 32. Kf1 Qd4 33. g6 Rxh2
34. Rxf4 Qa1+ 0-1

[Event "Lloyds Bank Masters 10th"]
[Site "London"]
[Date "1986.08.20"]
[Round "1"]
[White "Birnboim, Nathan"]
[Black "Nicholson, John G"]
[Result "0-1"]
[WhiteElo "2445"]
[BlackElo "2295"]
[PlyCount "100"]
[EventDate "1986.08.20"]
[EventType "swiss"]
[EventRounds "9"]
[EventCountry "ENG"]
[SourceTitle "BritBase"]
[Source "John Saunders"]
[SourceDate "2020.09.07"]
[SourceVersion "1"]
[SourceVersionDate "2020.09.07"]
[SourceQuality "2"]

1. d4 Nf6 2. c4 c5 3. d5 b5 4. Nf3 b4 5. Nbd2 d6 6. e4 e5 7. a3 Na6 8. Bd3 g6
9. Qa4+ Qd7 10. Qxd7+ Bxd7 11. Nb3 bxa3 12. bxa3 Be7 13. O-O O-O 14. Bd2 Rab8
15. Na5 Bd8 16. Ne1 Bxa5 17. Bxa5 Ba4 18. g3 Rfe8 19. Ng2 Rb7 20. Ne3 Reb8 21.
Nd1 Nc7 22. Nc3 Be8 23. f4 Nd7 24. Bxc7 Rxc7 25. Nb5 Rcb7 26. Nxd6 Rb6 27. Nb5
a6 28. Nc7 Rc8 29. Nxe8 Rxe8 30. Bc2 exf4 31. gxf4 Rb2 32. Rf2 Nf6 33. e5 Ng4
34. Re2 Ne3 35. Bd3 Rxe2 36. Bxe2 g5 37. Kf2 gxf4 38. Rg1+ Kf8 39. Rg5 f6 40.
exf6 Kf7 41. Rh5 Kxf6 42. Rxh7 Ke5 43. h4 Rg8 44. Bf1 Ng4+ 45. Ke1 Rb8 46. Bd3
Kd4 47. Rg7 Kxd3 48. Rxg4 Ke3 49. Kf1 f3 50. Kg1 Rb1+ 0-1

[Event "Lloyds Bank Masters 10th"]
[Site "London"]
[Date "1986.08.20"]
[Round "1"]
[White "Britton, Richard"]
[Black "De Firmian, Nick E"]
[Result "0-1"]
[WhiteElo "2305"]
[BlackElo "2490"]
[PlyCount "66"]
[EventDate "1986.08.20"]
[EventType "swiss"]
[EventRounds "9"]
[EventCountry "ENG"]
[SourceTitle "BritBase"]
[Source "John Saunders"]
[SourceDate "2020.09.07"]
[SourceVersion "1"]
[SourceVersionDate "2020.09.07"]
[SourceQuality "2"]

1. e4 c5 2. Nf3 d6 3. d4 cxd4 4. Nxd4 Nf6 5. Nc3 a6 6. Be2 e5 7. Nb3 Be7 8. O-O
O-O 9. a4 Nc6 10. Bf3 Nb4 11. Re1 Be6 12. Nd5 Nbxd5 13. exd5 Bf5 14. a5 Rc8 15.
c3 Qd7 16. Nd2 Rfe8 17. Ra4 Bd8 18. Ne4 Nxe4 19. Bxe4 Bxe4 20. Rexe4 Rc5 21.
Re2 Rxa5 22. Rxa5 Bxa5 23. b4 Bb6 24. c4 Rc8 25. Qd3 Bd4 26. Rc2 g6 27. Be3 Qa4
28. Qd2 a5 29. Bxd4 exd4 30. Rc1 Qxb4 31. Qxb4 axb4 32. Rb1 Rxc4 33. Kf1 d3 0-1

[Event "Lloyds Bank Masters 10th"]
[Site "London"]
[Date "1986.08.20"]
[Round "1"]
[White "Chandler, Murray G"]
[Black "Ravi, Lanka"]
[Result "1-0"]
[WhiteElo "2565"]
[BlackElo "2335"]
[PlyCount "101"]
[EventDate "1986.08.20"]
[EventType "swiss"]
[EventRounds "9"]
[EventCountry "ENG"]
[SourceTitle "BritBase"]
[Source "John Saunders"]
[SourceDate "2020.09.07"]
[SourceVersion "1"]
[SourceVersionDate "2020.09.07"]
[SourceQuality "2"]

1. e4 e6 2. d4 d5 3. Nc3 Bb4 4. e5 Ne7 5. Nf3 c5 6. a3 Bxc3+ 7. bxc3 Nbc6 8.
Be2 Qa5 9. O-O c4 10. Qd2 Bd7 11. a4 h5 12. Nh4 f6 13. Ba3 O-O-O 14. f4 fxe5
15. fxe5 g5 16. Bxe7 Nxe7 17. Qxg5 Rh7 18. Qe3 Rg8 19. Kh1 Ng6 20. Nf3 h4 21.
Ng5 Rhg7 22. Nf7 Ne7 23. Nd6+ Kb8 24. Rfb1 Bc6 25. Bf3 Nc8 26. Nxc4 Qc7 27. Nd2
Ne7 28. Qh6 Bd7 29. Nb3 Qxc3 30. Qd2 Qxd2 31. Nxd2 Nf5 32. c3 Ne3 33. Nb3 Nxg2
34. Nc5 Bc8 35. a5 Ne3 36. Ra2 h3 37. Nd3 Rf8 38. Rf2 Kc7 39. Rg1 Rgf7 40. Rg3
Nd1 41. Bxd1 Rxf2 42. Nxf2 Rxf2 43. Bg4 Ra2 44. Rxh3 Rxa5 45. Rh7+ Kc6 46. Rh8
Bd7 47. h4 Kb6 48. h5 Bb5 49. Bxe6 Bd3 50. Bf7 Ra1+ 51. Kh2 1-0

[Event "Lloyds Bank Masters 10th"]
[Site "London"]
[Date "1986.08.20"]
[Round "1"]
[White "Formanek, Edward W"]
[Black "Schoen, Wolfram"]
[Result "1/2-1/2"]
[WhiteElo "2330"]
[BlackElo "2415"]
[PlyCount "75"]
[EventDate "1986.08.20"]
[EventType "swiss"]
[EventRounds "9"]
[EventCountry "ENG"]
[SourceTitle "BritBase"]
[Source "John Saunders"]
[SourceDate "2020.09.07"]
[SourceVersion "1"]
[SourceVersionDate "2020.09.07"]
[SourceQuality "2"]

1. e4 e5 2. f4 exf4 3. Bc4 Nf6 4. Nc3 Bb4 5. e5 d5 6. Bb5+ c6 7. exf6 cxb5 8.
fxg7 Rg8 9. Qe2+ Be6 10. Nxb5 Nc6 11. Nf3 Rxg7 12. c3 Ba5 13. d3 a6 14. Nbd4
Nxd4 15. Nxd4 Qh4+ 16. Qf2 Qxf2+ 17. Kxf2 Bb6 18. Bxf4 Bxd4+ 19. cxd4 Rc8 20.
Rac1 Rg6 21. Rhe1 Rxc1 22. Bxc1 Kd7 23. Bf4 Rg8 24. Bd2 f6 25. Rc1 Rc8 26. Rc5
b6 27. Rxc8 Kxc8 28. Ke3 Bf5 29. Be1 Kd7 30. Bg3 Bg6 31. Bf4 Bf5 32. Bh6 Ke7
33. h3 Bg6 34. Bf4 Kd7 35. g4 f5 36. g5 Bh5 37. Bb8 b5 38. Bg3 1/2-1/2

[Event "Lloyds Bank Masters 10th"]
[Site "London"]
[Date "1986.08.20"]
[Round "1"]
[White "Hebden, Mark L"]
[Black "Nijboer, Friso"]
[Result "1-0"]
[WhiteElo "2440"]
[BlackElo "2290"]
[PlyCount "105"]
[EventDate "1986.08.20"]
[EventType "swiss"]
[EventRounds "9"]
[EventCountry "ENG"]
[SourceTitle "BritBase"]
[Source "John Saunders"]
[SourceDate "2020.09.07"]
[SourceVersion "1"]
[SourceVersionDate "2020.09.07"]
[SourceQuality "2"]

1. e4 g6 2. Nc3 Bg7 3. f4 c6 4. d4 Qb6 5. Nf3 Nh6 6. a3 d5 7. e5 Bg4 8. Be2 Nf5
9. Ng5 Bxe2 10. Nxe2 h5 11. Qd3 e6 12. O-O Bf8 13. c4 dxc4 14. Qxc4 Nd7 15. Rf3
Be7 16. Rb3 Qc7 17. Ne4 Nb6 18. Qc2 Rd8 19. Be3 Nd5 20. Bf2 Rg8 21. Kh1 Rd7 22.
Rf1 Qd8 23. Bg1 Rc7 24. Nc1 Kf8 25. Rh3 h4 26. Nb3 b6 27. Qe2 a5 28. g4 hxg3
29. hxg3 g5 30. g4 Nxf4 31. Rxf4 gxf4 32. gxf5 exf5 33. Nc3 Bh4 34. Nd2 Rg3 35.
Rxg3 Bxg3 36. Qh5 f6 37. Qh8+ Ke7 38. Qxf6+ Ke8 39. Qg6+ Kf8 40. Nf3 Rg7 41.
Qxc6 Be1 42. Qf6+ Qxf6 43. exf6 Rh7+ 44. Kg2 Bxc3 45. bxc3 Rc7 46. Ne5 Rxc3 47.
d5 f3+ 48. Kg3 f2+ 49. Kxf2 Rc8 50. Kf3 Rd8 51. Be3 Kg8 52. f7+ Kg7 53. Bg5 1-0

[Event "Lloyds Bank Masters 10th"]
[Site "London"]
[Date "1986.08.20"]
[Round "1"]
[White "Hjartarson, Johann"]
[Black "Tilak, Sharad"]
[Result "1-0"]
[WhiteElo "2525"]
[BlackElo "2320"]
[PlyCount "55"]
[EventDate "1986.08.20"]
[EventType "swiss"]
[EventRounds "9"]
[EventCountry "ENG"]
[SourceTitle "BritBase"]
[Source "John Saunders"]
[SourceDate "2020.09.07"]
[SourceVersion "1"]
[SourceVersionDate "2020.09.07"]
[SourceQuality "2"]

1. d4 Nf6 2. c4 g6 3. Nf3 Bg7 4. g3 O-O 5. Bg2 d6 6. O-O Nbd7 7. Nc3 e5 8. e4
c6 9. b3 Qb6 10. Rb1 exd4 11. Nxd4 Nc5 12. Nde2 Re8 13. Qc2 a5 14. Bf4 Bg4 15.
Rfe1 Rad8 16. h3 Be6 17. a3 Qa6 18. b4 Ncxe4 19. Nxe4 Bxc4 20. Nxd6 Rxd6 21.
Bxd6 Bxe2 22. Qd2 axb4 23. Bxb4 h5 24. Bc3 Bd3 25. Rxe8+ Nxe8 26. Re1 Nc7 27.
Bxg7 Kxg7 28. Qc3+ 1-0

[Event "Lloyds Bank Masters 10th"]
[Site "London"]
[Date "1986.08.20"]
[Round "1"]
[White "Howell, James C"]
[Black "Wohl, Aleksandar"]
[Result "1-0"]
[WhiteElo "2395"]
[BlackElo "2245"]
[PlyCount "41"]
[EventDate "1986.08.20"]
[EventType "swiss"]
[EventRounds "9"]
[EventCountry "ENG"]
[SourceTitle "BritBase"]
[Source "John Saunders"]
[SourceDate "2020.09.07"]
[SourceVersion "1"]
[SourceVersionDate "2020.09.07"]
[SourceQuality "2"]

1. e4 Nf6 2. e5 Nd5 3. d4 d6 4. Nf3 g6 5. Bc4 c6 6. exd6 Qxd6 7. O-O a5 8. a4
Bg7 9. h3 O-O 10. Re1 b6 11. Bg5 Ra7 12. Nbd2 Ba6 13. Bb3 Re8 14. Bh4 Nd7 15.
Bg3 e5 16. Nxe5 Nxe5 17. dxe5 Bxe5 18. Rxe5 Rxe5 19. Nf3 Rae7 20. Nxe5 Rxe5 21.
c4 1-0

[Event "Lloyds Bank Masters 10th"]
[Site "London"]
[Date "1986.08.20"]
[Round "1"]
[White "Jacobs, Byron A"]
[Black "Bonin, Jay"]
[Result "1-0"]
[WhiteElo "2305"]
[BlackElo "2455"]
[PlyCount "93"]
[EventDate "1986.08.20"]
[EventType "swiss"]
[EventRounds "9"]
[EventCountry "ENG"]
[SourceTitle "BritBase"]
[Source "John Saunders"]
[SourceDate "2020.09.07"]
[SourceVersion "1"]
[SourceVersionDate "2020.09.07"]
[SourceQuality "2"]

1. e4 e6 2. d4 d5 3. Nc3 Bb4 4. e5 Ne7 5. Nf3 b6 6. Bd2 Bxc3 7. Bxc3 a5 8. Bd2
Ba6 9. Bxa6 Rxa6 10. Bg5 Nbc6 11. O-O Qd7 12. Qe2 Ra8 13. Rac1 O-O 14. Qb5 Rfd8
15. c4 h6 16. Bxe7 Nxe7 17. Qxd7 Rxd7 18. cxd5 Nxd5 19. Rc4 Ne7 20. Rfc1 c6 21.
g4 a4 22. a3 b5 23. Rc5 Rb7 24. h3 b4 25. Nd2 bxa3 26. bxa3 Rb2 27. R1c2 Rab8
28. R5c4 Rxc2 29. Rxc2 Nd5 30. Rxc6 Rb2 31. Nc4 Rb3 32. Ra6 Rxh3 33. Rxa4 Rd3
34. Nd6 f6 35. Ne4 Kh7 36. Nc5 Rd1+ 37. Kg2 Nf4+ 38. Kf3 g5 39. exf6 Kg6 40.
Nd7 Rd2 41. Ra8 e5 42. Rg8+ Kf7 43. Rg7+ Ke6 44. Re7+ Kd6 45. dxe5+ Kd5 46.
Nb6+ Kc6 47. f7 1-0

[Event "Lloyds Bank Masters 10th"]
[Site "London"]
[Date "1986.08.20"]
[Round "1"]
[White "Pavlovic, Milos"]
[Black "Hodgson, Julian M"]
[Result "0-1"]
[WhiteElo "2310"]
[BlackElo "2500"]
[PlyCount "77"]
[EventDate "1986.08.20"]
[EventType "swiss"]
[EventRounds "9"]
[EventCountry "ENG"]
[SourceTitle "BritBase"]
[Source "John Saunders"]
[SourceDate "2020.09.07"]
[SourceVersion "1"]
[SourceVersionDate "2020.09.07"]
[SourceQuality "2"]

1. d4 Nf6 2. c4 e6 3. g3 c5 4. d5 exd5 5. cxd5 Bd6 6. Bg2 O-O 7. Nf3 Bc7 8. O-O
d6 9. Nc3 a6 10. a4 Re8 11. Qc2 Nbd7 12. Re1 Rb8 13. e4 Nf8 14. Bd2 Ng6 15. Nb1
Bd7 16. a5 Ng4 17. Bc3 h5 18. h3 Nf6 19. h4 Ng4 20. Nbd2 Bb5 21. Bf1 Qd7 22.
Nc4 Re7 23. b3 Rbe8 24. Bh3 Qd8 25. Kg2 Bd7 26. Rad1 Qc8 27. Ng5 N4e5 28. Bxd7
Qxd7 29. Ne3 Qb5 30. Nf5 Rd7 31. f4 Bxa5 32. fxe5 Bxc3 33. Qxc3 Nxe5 34. Kh3 g6
35. Ne3 Rde7 36. Nc4 Qd7+ 37. Kg2 b5 38. Nxe5 Rxe5 39. Qf3 0-1

[Event "Lloyds Bank Masters 10th"]
[Site "London"]
[Date "1986.08.20"]
[Round "1"]
[White "Wells, Peter K"]
[Black "Durao, Joaquim"]
[Result "1-0"]
[WhiteElo "2400"]
[BlackElo "2235"]
[PlyCount "67"]
[EventDate "1986.08.20"]
[EventType "swiss"]
[EventRounds "9"]
[EventCountry "ENG"]
[SourceTitle "BritBase"]
[Source "John Saunders"]
[SourceDate "2020.09.07"]
[SourceVersion "1"]
[SourceVersionDate "2020.09.07"]
[SourceQuality "2"]

1. d4 Nf6 2. Nf3 d5 3. c4 c6 4. Nc3 e6 5. Bg5 dxc4 6. e4 b5 7. e5 h6 8. Bh4 g5
9. Nxg5 hxg5 10. Bxg5 Nbd7 11. exf6 Bb7 12. g3 c5 13. d5 b4 14. Bxc4 Qc7 15.
dxe6 Qe5+ 16. Kf1 O-O-O 17. exd7+ Rxd7 18. Qg4 bxc3 19. Bb5 Qd4 20. Qxd7+ Qxd7
21. Bxd7+ Kxd7 22. Rg1 cxb2 23. Rb1 Rxh2 24. Rxb2 Ba6+ 25. Ke1 c4 26. Be3 Ba3
27. Rb8 Rh5 28. Kd2 Bd6 29. Ra8 Ra5 30. Rxa7+ Ke6 31. Bd4 Bb4+ 32. Ke3 Rxa2 33.
Rb1 Bd2+ 34. Ke4 1-0

[Event "Lloyds Bank Masters 10th"]
[Site "London"]
[Date "1986.08.20"]
[Round "1"]
[White "Yrjola, Jouni"]
[Black "Dunnington, Angus J"]
[Result "0-1"]
[WhiteElo "2430"]
[BlackElo "2280"]
[PlyCount "82"]
[EventDate "1986.08.20"]
[EventType "swiss"]
[EventRounds "9"]
[EventCountry "ENG"]
[SourceTitle "BritBase"]
[Source "John Saunders"]
[SourceDate "2020.09.07"]
[SourceVersion "1"]
[SourceVersionDate "2020.09.07"]
[SourceQuality "2"]

1. d4 Nf6 2. c4 d6 3. Nc3 Nbd7 4. Nf3 c6 5. Qc2 e5 6. Bg5 Qa5 7. a3 e4 8. b4
Qf5 9. Bc1 Nb6 10. Ng5 Nxc4 11. Ngxe4 Nxe4 12. Qxe4+ Qxe4 13. Nxe4 a5 14. e3
axb4 15. Bxc4 d5 16. Nd2 dxc4 17. Nxc4 Be6 18. d5 cxd5 19. Ne5 bxa3 20. Ke2 Bd6
21. Nd3 O-O 22. Bd2 b5 23. Rhb1 Rfb8 24. Bb4 Bxb4 25. Nxb4 h6 26. Rb3 d4 27.
Rbxa3 Bc4+ 28. Kd2 dxe3+ 29. Kxe3 Re8+ 30. Kf3 Rxa3+ 31. Rxa3 Re1 32. Nc2 Rb1
33. Ra8+ Kh7 34. Ke3 Bd5 35. Ra7 b4 36. Kd2 b3 37. Ne3 Be6 38. f4 Rb2+ 39. Kd3
Rf2 40. g3 b2 41. Rb7 Ba2 0-1

[Event "Lloyds Bank Masters 10th"]
[Site "London"]
[Date "1986.08.21"]
[Round "2"]
[White "Agdestein, Simen"]
[Black "Wells, Peter K"]
[Result "1-0"]
[WhiteElo "2545"]
[BlackElo "2400"]
[PlyCount "111"]
[EventDate "1986.08.20"]
[EventType "swiss"]
[EventRounds "9"]
[EventCountry "ENG"]
[SourceTitle "BritBase"]
[Source "John Saunders"]
[SourceDate "2020.09.07"]
[SourceVersion "1"]
[SourceVersionDate "2020.09.07"]
[SourceQuality "2"]

1. d4 Nf6 2. c4 e6 3. Nf3 d5 4. Nc3 Be7 5. Bg5 O-O 6. e3 h6 7. Bh4 b6 8. Qb3
Bb7 9. Bxf6 Bxf6 10. cxd5 exd5 11. Rd1 Re8 12. Be2 c6 13. O-O Nd7 14. Rfe1 Nf8
15. a3 Rc8 16. Qa4 Re7 17. Rc1 Ne6 18. Red1 g6 19. b4 Bg7 20. Qb3 a6 21. Na4
Rd7 22. Rd2 Kh7 23. Rdc2 Rb8 24. g3 Ba8 25. Qd3 Ra7 26. h4 h5 27. Nd2 Kg8 28.
Nb3 Qd6 29. Bf3 Bf6 30. Rd1 Qe7 31. Kg2 Rd7 32. Qe2 Ng7 33. Rdc1 Nf5 34. Rxc6
Bxc6 35. Rxc6 Rd6 36. Rxd6 Qxd6 37. Nc3 Ne7 38. Qxa6 Qc6 39. Qd3 Rc8 40. Ne2
Qc4 41. Qxc4 Rxc4 42. Nd2 Rc2 43. Nb1 Rb2 44. Nbc3 Bg7 45. Kf1 Rb3 46. Nb5 Rb1+
47. Kg2 Bh6 48. Nec3 Rb2 49. Kf1 Nf5 50. Nxd5 Rb1+ 51. Ke2 Rb2+ 52. Ke1 Rb1+
53. Bd1 Rb2 54. Be2 Rb1+ 55. Kd2 Rb2+ 56. Kd3 1-0

[Event "Lloyds Bank Masters 10th"]
[Site "London"]
[Date "1986.08.21"]
[Round "2"]
[White "Conquest, Stuart"]
[Black "Adams, Michael"]
[Result "1/2-1/2"]
[WhiteElo "2430"]
[BlackElo "2260"]
[PlyCount "107"]
[EventDate "1986.08.20"]
[EventType "swiss"]
[EventRounds "9"]
[EventCountry "ENG"]
[SourceTitle "BritBase"]
[Source "John Saunders"]
[SourceDate "2020.09.07"]
[SourceVersion "1"]
[SourceVersionDate "2020.09.07"]
[SourceQuality "2"]

1. d4 Nf6 2. c4 e6 3. g3 Bb4+ 4. Bd2 Qe7 5. Bg2 Bxd2+ 6. Qxd2 O-O 7. Nc3 d6 8.
Nf3 e5 9. O-O Re8 10. dxe5 dxe5 11. Rfd1 Nbd7 12. Nd5 Nxd5 13. cxd5 Nf6 14.
Rac1 Bg4 15. Qa5 b6 16. Qc3 Rac8 17. Qe3 e4 18. Nd4 Nxd5 19. Qb3 Qg5 20. Nc6
Be6 21. Qb5 a5 22. Bxe4 Nf4 23. Qxg5 Nh3+ 24. Kf1 Nxg5 25. Bd5 Bxd5 26. Rxd5
Ne6 27. e4 Kf8 28. e5 a4 29. f4 g6 30. Kf2 Nc5 31. Kf3 Re6 32. Nd4 Ree8 33. Rd1
Kg7 34. g4 f6 35. exf6+ Kxf6 36. Nc6 Re6 37. Ne5 Kg7 38. h4 Rce8 39. Rd8 h6 40.
Rxe8 Rxe8 41. Rd5 Re7 42. f5 gxf5 43. gxf5 h5 44. Ng6 Re1 45. Nf4 Rf1+ 46. Ke3
Re1+ 47. Kf2 Rb1 48. Nxh5+ Kf7 49. Rd8 Rxb2+ 50. Kf3 Rxa2 51. Rc8 Ra1 52. Rxc7+
Kf8 53. Rc8+ Kf7 54. Rc7+ 1/2-1/2

[Event "Lloyds Bank Masters 10th"]
[Site "London"]
[Date "1986.08.21"]
[Round "2"]
[White "De Firmian, Nick E"]
[Black "Gallagher, Joseph G"]
[Result "1-0"]
[WhiteElo "2490"]
[BlackElo "2360"]
[PlyCount "147"]
[EventDate "1986.08.20"]
[EventType "swiss"]
[EventRounds "9"]
[EventCountry "ENG"]
[SourceTitle "BritBase"]
[Source "John Saunders"]
[SourceDate "2020.09.07"]
[SourceVersion "1"]
[SourceVersionDate "2020.09.07"]
[SourceQuality "2"]

1. d4 Nf6 2. c4 g6 3. Nc3 Bg7 4. e4 d6 5. Nf3 O-O 6. Be2 e5 7. dxe5 dxe5 8.
Qxd8 Rxd8 9. Bg5 Re8 10. Nd5 Nxd5 11. cxd5 c6 12. Bc4 cxd5 13. Bxd5 Na6 14. Ke2
Nb4 15. Bc4 Bg4 16. Rhc1 Nc6 17. Kf1 Bxf3 18. gxf3 Nd4 19. Rc3 Bf8 20. Bd5 Rac8
21. Rac1 Rxc3 22. Rxc3 Ne6 23. Bxe6 Rxe6 24. Rc7 Rb6 25. b3 a6 26. Be3 Rb5 27.
Ke2 Kg7 28. Kd3 Kf6 29. Kc3 Bb4+ 30. Kc2 Ba5 31. Rc8 Bb6 32. a4 Rb4 33. Kc3 a5
34. Rc4 Bxe3 35. fxe3 Rb6 36. Rc5 Ra6 37. Kc4 Ke6 38. f4 exf4 39. exf4 h5 40.
Kb5 Kd6 41. f5 Ra8 42. fxg6 fxg6 43. Rg5 Kc7 44. Rxg6 Re8 45. Rg7+ Kb8 46. Kxa5
Rxe4 47. Kb6 Re6+ 48. Kc5 Re4 49. Rh7 h4 50. a5 Rf4 51. Rh5 Ka7 52. b4 Ka6 53.
h3 Re4 54. Rh8 Ka7 55. b5 Re5+ 56. Kc4 Re4+ 57. Kd5 Rf4 58. Rh5 Ra4 59. Kc5 Rf4
60. Rd5 Rf3 61. Rd4 Rf5+ 62. Rd5 Rf3 63. Rd4 Rf5+ 64. Kb4 Rh5 65. Rd8 b6 66.
Rd7+ Kb8 67. axb6 Rf5 68. Rd4 Kb7 69. Rxh4 Kxb6 70. Rh6+ Kb7 71. Ka5 Rf7 72. h4
Ka7 73. h5 Kb7 74. Rg6 1-0

[Event "Lloyds Bank Masters 10th"]
[Site "London"]
[Date "1986.08.21"]
[Round "2"]
[White "Ernst, Thomas"]
[Black "Pein, Malcolm"]
[Result "0-1"]
[WhiteElo "2445"]
[BlackElo "2340"]
[PlyCount "60"]
[EventDate "1986.08.20"]
[EventType "swiss"]
[EventRounds "9"]
[EventCountry "ENG"]
[SourceTitle "BritBase"]
[Source "John Saunders"]
[SourceDate "2023.06.01"]
[SourceVersion "1"]
[SourceVersionDate "2023.06.01"]
[SourceQuality "1"]

1. e4 d6 2. d4 Nf6 3. f3 g6 4. c4 Bg7 5. Nc3 O-O 6. Be3 Nc6 7. Nge2 a6 8. Qd2
Rb8 9. h4 e5 10. g4 exd4 11. Nxd4 Ne5 12. Be2 c5 13. Nc2 b5 14. O-O-O bxc4 15.
Qxd6 Nd3+ 16. Rxd3 cxd3 17. Qxb8 dxe2 18. Nxe2 Nd7 19. Qb3 Ne5 20. Bg5 c4 21.
Qa3 Qd3 22. Ned4 Nxf3 23. Nxf3 c3 24. Nh2 Bb7 25. Qa4 h6 26. Be7 cxb2+ 27. Kb1
Rc8 28. Re1 Rc4 29. Qb3 Bxe4 30. Qxd3 Bxd3 0-1

[Event "Lloyds Bank Masters 10th"]
[Site "London"]
[Date "1986.08.21"]
[Round "2"]
[White "Gerber, Richard"]
[Black "Murey, Jacob"]
[Result "0-1"]
[WhiteElo "2395"]
[BlackElo "2490"]
[PlyCount "99"]
[EventDate "1986.08.20"]
[EventType "swiss"]
[EventRounds "9"]
[EventCountry "ENG"]
[SourceTitle "BritBase"]
[Source "John Saunders"]
[SourceDate "2020.09.07"]
[SourceVersion "1"]
[SourceVersionDate "2020.09.07"]
[SourceQuality "2"]

1. d4 Nf6 2. c4 g6 3. Nc3 Bg7 4. e4 d6 5. Nf3 O-O 6. Be2 e5 7. O-O Nc6 8. d5
Ne7 9. b4 c6 10. Nd2 a5 11. bxa5 Qxa5 12. Qc2 Bd7 13. a4 Rfc8 14. Ba3 cxd5 15.
Bxd6 Nc6 16. Nb3 Nd4 17. Nxd4 exd4 18. Nxd5 Nxd5 19. exd5 Qa6 20. Bg3 Bf5 21.
Bd3 Bxd3 22. Qxd3 Rxc4 23. Rab1 Rxa4 24. Qb3 d3 25. Qxb7 Qxb7 26. Rxb7 Rd4 27.
d6 d2 28. Rbb1 f5 29. Rfd1 g5 30. f3 Bf6 31. Kf1 f4 32. Bf2 Rxd6 33. Bc5 Rd5
34. Bf2 Kf7 35. Ke2 Bc3 36. Rb7+ Kg6 37. Rb6+ Kf5 38. Rb3 Ba5 39. Rbb1 h5 40.
h3 g4 41. Kf1 g3 42. Bg1 Re8 43. Bb6 Bxb6 44. Rxb6 Rde5 45. Rbb1 Re2 46. Rb5+
Kf6 47. Rb6+ Kg5 48. Rb5+ Kh4 49. Rbb1 Rf2+ 50. Kg1 0-1